|
|
|
|
| LEADER |
00000nam a2200000 a 4500 |
| 001 |
vtls001330290 |
| 003 |
SK-MaSNL |
| 005 |
20260416164850.0 |
| 008 |
210928s1989 xr 0 cze |
| 035 |
|
|
|a SNK000283151
|
| 040 |
|
|
|a SNK
|b slo
|c SNK
|e AACR2
|
| 041 |
0 |
|
|a cze
|
| 044 |
|
|
|a CZ
|
| 080 |
|
|
|a 371.214.112:373.6
|2 1981
|
| 245 |
1 |
|
|a Základní pedagogické dokumenty pro střední odborné školy
|b studijný obor 26-30-6 Mikroelektronika : denní studium absolventů základní školy
|
| 250 |
|
|
|a 2. vyd.
|
| 260 |
|
|
|a Praha
|b Státní pedagogické nakladatelství
|c 1989
|
| 300 |
|
|
|a 278 s.
|c 4°
|
| 500 |
|
|
|a Vyd. Min. školství, mládeže a tělovýchovy ČSR Min. školství SSR
|
| 958 |
|
|
|a RK
|
| 958 |
|
|
|a OND
|
| 999 |
|
|
|c 632213
|d 634143
|
| 952 |
|
|
|t P60, <04>, [BOOK], {604}
|a SNK
|b SNK
|y VYP
|7 0
|o snkIB 63739
|i snkKIP 3211/90
|0 0
|1 0
|4 0
|d 1998-05-06
|l 0
|r 2005-01-02 00:00:00
|w 2026-02-23
|
| 952 |
|
|
|t P60, <04>, [BOOK], {604}
|a SNK
|b SNK
|y VYP
|7 0
|o snkIB 63739 D1
|i snkKIP 3212/90
|0 0
|1 0
|4 0
|d 1998-05-06
|l 0
|r 2005-01-02 00:00:00
|w 2026-02-23
|